| 000 | 00382pab a2200157 454500 | ||
|---|---|---|---|
| 008 | 180718b1988 xxu||||| |||| 00| 0 eng d | ||
| 100 | _aGazell, James A. | ||
| 245 | _aExpansion of centralized presidential control | ||
| 260 | _c1988 | ||
| 300 | _a30-6 | ||
| 362 | _aFall | ||
| 650 | _aPresidents - U.S.A. | ||
| 700 | _aDarrell L. Pugh | ||
| 773 | _aBureaucrat | ||
| 909 | _a16354 | ||
| 999 |
_c16354 _d16354 |
||